| 000 | 01046nam a2200277 i 4500 | ||
|---|---|---|---|
| 001 | 110519 | ||
| 003 | ES-MaACL | ||
| 005 | 20250827231410.0 | ||
| 007 | t| | ||
| 008 | 070126s1971 it ||||1| ita d | ||
| 080 | _a1 Reinhold, Karl Leonhard | ||
| 080 | _a165.72 | ||
| 100 | 1 |
_aSchulze, Gottlob Ernest. _9104798 |
|
| 245 | 1 | 0 |
_aEnesidemo o dei fondamenti della filosofia elementare presentata dal signor professor Reinhold di Jena con una difesa dello scetticismo contro le pretese della Critica della ragione / _cSchulze ; a cura di Angelo Pupi. |
| 250 | _a1ª ed. | ||
| 260 |
_aBari : _bLaterza, _c1971. |
||
| 300 |
_a426 p. ; _c18 cm. |
||
| 490 | 1 |
_aPiccola biblioteca filosofica Laterza ; _v67 |
|
| 500 | _aBiblioteca Jacinto Martínez Lacalle. | ||
| 600 | 1 | 4 |
_aReinhold, Karl Leonhard. _tAenesidemus. _996061 |
| 650 | 1 | 7 |
_aEscepticismo _2embne _912353 |
| 700 | 1 |
_aPupi, Angelo. _994412 |
|
| 830 | 0 |
_aPiccola biblioteca filosofica Laterza ; _v67 _9184914 |
|
| 852 |
_aES-MaACL _jE-11582 _bR.139575 |
||
| 999 |
_c110519 _d110519 |
||